000 00939cam a22003137a 4500
003 CHAP
005 20220817042421.0
008 971013s1966 es a r 00010 spa d
010 _a43997
011 _a44969
035 _a49108
040 _cCHAP
090 _aFolleto 5598
100 0 0 _aTalegón Heras, Félix.
_9111412
245 1 3 _aLa basquilla
260 _aMadrid :
_bMinisterio de Agricultura,
_c1966
300 _a15 p.
_b: ilus.
490 0 _aHojas divulgadoras
_v; 20-66
590 _aBATCH-UPD
_b10
_c20130110
_lUCH01
_h2235
590 _aBATCH-UPD
_b10
_c20130410
_lUCH01
_h1530
590 _aBATCH-UPD
_b10
_c20130914
_lUCH01
_h0956
590 _aCONVERSION
_b10
_c20130109
_lUCH01
_h1324
650 1 4 _aClostridium welchii.
_923915
650 1 4 _aGanado lanar
_xEnfermedades.
_945173
830 0 _aHojas divulgadoras
_v; 20-66
901 _aBK
942 _cFOLL
949 _aFolleto 5598
_bBC
_cFOLL
_d-110864
_eTS1
_i49108
_mD
_si
999 _c43997
_d43997